King of the HIll quotes by episode: Season 2 Quiz Stats

 Plays Quiz not verified by Sporcle

Score 0/23 Timer 05:00
0 Plays Today
% Correct
Husky Bobby
93.3%
Texas City Twister
92.8%
Jumpin’ Crack Bass
92.8%
Meet the Manger Babies
92.3%
How to Fire a Rifle Without Really Trying
90.3%
Hank’s Dirty Laundry
89.2%
Junkie Business
89.2%
The Arrowhead
88.7%
Propane Boom (Part I)
86.2%
Life in the Fast Lane – Bobby’s Saga
83.1%
Leanne’s Saga
82.1%
The Final Shinsult
80%
% Correct
The Man Who Shot Cane Skrettebert
77.9%
Three Days of the Kahndo
73.8%
The Unbearable Blindness of Laying
73.3%
Snow Job
72.8%
Hilloween
68.7%
Traffic Jam
65.1%
Bobby Slam
62.6%
The Company Man
57.9%
Peggy’s Turtle Song
50.8%
I Remember Mono
46.2%
The Son That Got Away
43.1%

You're not logged in!

Compare scores with friends on all Sporcle quizzes.
Join for Free
OR
Log In

You Might Also Like...

Show Comments

Extras

Top Quizzes Today


Score Distribution

Your Account Isn't Verified!

In order to create a playlist on Sporcle, you need to verify the email address you used during registration. Go to your Sporcle Settings to finish the process.

Report this User

Report this user for behavior that violates our Community Guidelines.

Details: